LIBRARY & INFORMATION CENTRE, KCAET, TAVANUR

ONLINE PUBLIC ACCESS CATALOGUE (OPAC)

Acoustic remote sensing :proceedings of the fifth international symposium on acoustic remote sensing of the atmosphere and Ocean / (Record no. 10199)

MARC details
000 -LEADER
fixed length control field 00486cam a2200145ua 4500
041 ## - LANGUAGE CODE
Language code of text/sound track or separate title eng
082 ## - DEWEY DECIMAL CLASSIFICATION NUMBER
Classification number 028.74721
Item number SIN/AC
100 ## - MAIN ENTRY--AUTHOR NAME
Personal name Singal, S p .
245 ## - TITLE STATEMENT
Title Acoustic remote sensing :proceedings of the fifth international symposium on acoustic remote sensing of the atmosphere and Ocean /
260 ## - PUBLICATION, DISTRIBUTION, ETC. (IMPRINT)
Place of publication New Delhi :
Name of publisher Tata Mc-Graw Hill Publishing Company ,
Year of publication 1990.
300 ## - PHYSICAL DESCRIPTION
Number of Pages 538 ; .
942 ## - ADDED ENTRY ELEMENTS (KOHA)
Koha item type Books
Holdings
Withdrawn status Lost status Damaged status Home library Current library Date acquired Full call number Accession Number Koha item type
      KAUAET KAUAET 07/04/2012 028.74721 17675 Reference
free website counter